00908nam a22002657a 45000010005000000030006000050050017000110080041000280200018000690400029000870500016001160820010001321000037001422450091001792600041002703000048003114900028003595050007003875200094003945210028004885210018005166500036005346500034005707000038006049182FISKH20251127141842.0251127b cb ||||| |||| 00| 0 eng d a9780448417400 aFISKHbengcFISKHdFISKH aTH9148 .L48 a628.9 aLewison, Wendy Cheyette eAuthor aA trip to the firehouse /cBy Wendy Cheyette Lewison ; Photographs by Elizabeth Hathon aNew York :bGrosset & Dunlap ,c1998 a32 unnumbered pages :bphotographs ;c21 cm aReading Railroad Books  aL  aA group of school children visit a fire station and learn how firefighters do their jobs.8 a540 bLexile estimate 8 aL bRaz-Plus  aFirefightersvCommunity helpers aFire prevention vFire safety aHathon, Elizabeth ePhotographer